[Event "1. ODEM U25 2004"]
[Site "Willingen GER"]
[Date "2004.06.03"]
[Round "7"]
[White "Lantzsch, Christian"]
[Black "Kalla, Christian"]
[Result "1-0"]
[Termination "normal"]
[Board "2"]
[WhiteElo "2095"]
[BlackElo "1910"]
[PlyCount "115"]
[WhiteFideId "4659821"]
[BlackFideId "24605760"]
[EventCountry "GER"]
[EventRounds "9"]
[EventType "swiss"]
[EventDate "2004.05.29"]

1. d4 Nf6 2. Nf3 g6 3. Nc3 d5 4. Bf4 a6 5. e3 Bg7 6. Be2 c5 7. Ne5 O-O 8. O-O
Nc6 9. a3 cxd4 10. exd4 Qb6 11. Nxc6 Qxc6 12. Bf3 Be6 13. Re1 Rac8 14. Be5 Nd7
15. Bxg7 Kxg7 16. Rc1 Nb6 17. Ne2 Qd6 18. Ng3 Rc7 19. c3 Nc4 20. Rb1 h5 21. Be2
h4 22. Nf1 h3 23. g3 Bf5 24. Bd3 Qf6 25. Bxf5 Qxf5 26. Ne3 Nxe3 27. Rxe3 f6 28.
Qd3 Qxd3 29. Rxd3 g5 30. g4 Rh8 31. Re1 Rh4 32. f3 b5 33. Re6 Ra7 34. Kf2 Kf7
35. Rde3 Rh7 36. Rb6 Rh8 37. Ree6 Rha8 38. Kg3 Kg6 39. Kxh3 Kf7 40. Kg3 Kg6 41.
f4 gxf4+ 42. Kxf4 Rh8 43. Kg3 Rha8 44. h4 Kf7 45. g5 fxg5 46. hxg5 Kg7 47. Kg4
Kf7 48. Kf5 Kg7 49. Ke5 Rf8 50. Rg6+ Kh7 51. Rh6+ Kg7 52. Rbg6+ Kf7 53. Rxa6
Rd7 54. Rh4 Rg8 55. g6+ Rxg6 56. Rf4+ Kg7 57. Rxg6+ Kxg6 58. Ke6 1-0

[Event "1. ODEM U25 2004"]
[Site "Willingen GER"]
[Date "2004.06.03"]
[Round "7"]
[White "Siebarth, Marco"]
[Black "Hirneise, Tobias"]
[Result "1/2-1/2"]
[Termination "normal"]
[Board "3"]
[WhiteElo "2027"]
[BlackElo "1960"]
[PlyCount "32"]
[WhiteFideId "24604330"]
[BlackFideId "24600881"]
[EventCountry "GER"]
[EventRounds "9"]
[EventType "swiss"]
[EventDate "2004.05.29"]

1. b4 e5 2. Bb2 Bxb4 3. Bxe5 Nf6 4. Nf3 Nc6 5. Bb2 d5 6. e3 O-O 7. Be2 Bd6 8.
d3 Re8 9. Nbd2 Ne5 10. Nxe5 Bxe5 11. Bxe5 Rxe5 12. Nf3 Re8 13. d4 Ne4 14. Ne5
f6 15. Nd3 Nc3 16. Qd2 Ne4 1/2-1/2

[Event "1. ODEM U25 2004"]
[Site "Willingen GER"]
[Date "2004.06.03"]
[Round "7"]
[White "Schafranietz, Sebastian"]
[Black "Beckmann, Emanuel"]
[Result "1-0"]
[Termination "normal"]
[Board "4"]
[WhiteElo "2236"]
[BlackElo "1868"]
[PlyCount "45"]
[WhiteFideId "4632516"]
[BlackFideId "24608025"]
[EventCountry "GER"]
[EventRounds "9"]
[EventType "swiss"]
[EventDate "2004.05.29"]

1. d4 Nf6 2. Nf3 g6 3. c4 Bg7 4. Nc3 O-O 5. g3 c6 6. Bg2 d6 7. O-O Nbd7 8. e4
e5 9. Re1 Qe7 10. h3 Ne8 11. b3 Nc7 12. Bb2 Rd8 13. Qd2 Rb8 14. Rad1 Ne6 15.
Nb1 c5 16. dxe5 dxe5 17. Nc3 Nd4 18. Nd5 Qd6 19. Qa5 b6 20. Qxa7 Bb7 21. Bxd4
cxd4 22. Qa4 Bc6 23. Qxc6 1-0

[Event "1. ODEM U25 2004"]
[Site "Willingen GER"]
[Date "2004.06.03"]
[Round "7"]
[White "Lipok, Christoph"]
[Black "Dorn, Matthias"]
[Result "1-0"]
[Termination "normal"]
[Board "5"]
[WhiteElo "1824"]
[BlackElo "1762"]
[PlyCount "43"]
[WhiteFideId "24620220"]
[BlackFideId "24600695"]
[EventCountry "GER"]
[EventRounds "9"]
[EventType "swiss"]
[EventDate "2004.05.29"]

1. d4 Nf6 2. c4 g6 3. f3 Bg7 4. e4 O-O 5. Nc3 d6 6. Bg5 h6 7. Be3 c5 8. dxc5
dxc5 9. Qxd8 Rxd8 10. Bxc5 Nc6 11. Nge2 b6 12. Ba3 Be6 13. Nd5 Rac8 14. Bxe7
Bxd5 15. Bxd8 Nb4 16. Bxf6 Bxf6 17. cxd5 Nc2+ 18. Kd2 Nxa1 19. Nc3 Bg5+ 20. Kd1
Bf6 21. Ba6 Rc5 22. Kd2 1-0

[Event "1. ODEM U25 2004"]
[Site "Willingen GER"]
[Date "2004.06.03"]
[Round "7"]
[White "Fuhrmann, Marc Andre"]
[Black "Kuhn, Ulf"]
[Result "0-1"]
[Termination "normal"]
[Board "6"]
[WhiteElo "2059"]
[BlackElo "2013"]
[PlyCount "154"]
[WhiteFideId "4696980"]
[BlackFideId "4693604"]
[EventCountry "GER"]
[EventRounds "9"]
[EventType "swiss"]
[EventDate "2004.05.29"]

1. d4 f5 2. g3 Nf6 3. Bg2 g6 4. c3 Bg7 5. Qb3 Nc6 6. Nh3 e5 7. dxe5 Nxe5 8. O-O
c6 9. Nd2 d5 10. Nf4 O-O 11. h4 Ne4 12. Nxe4 fxe4 13. Bxe4 Kh8 14. Bg2 Bf6 15.
e4 dxe4 16. Bxe4 Bxh4 17. Ne6 Bxe6 18. Qxe6 Bf6 19. Bf4 Re8 20. Qh3 Kg7 21.
Rad1 Qe7 22. Kg2 Rad8 23. Rh1 Kg8 24. Rde1 Qg7 25. Bc2 Kh8 26. Bb3 Nd3 27.
Rxe8+ Rxe8 28. Bc2 Ne1+ 29. Rxe1 Rxe1 30. Qc8+ Qg8 31. Qxg8+ Kxg8 32. Bd3 Kf8
33. Kf3 Re8 34. Be3 a6 35. Be4 Ke7 36. Ke2 Kd7 37. Kd3 Kc7 38. Bf4+ Be5 39. Be3
b6 40. Bg2 c5 41. b3 Rd8+ 42. Kc2 Bd6 43. c4 Be5 44. g4 Kb8 45. Be4 Ka7 46. f3
Bd4 47. Bg5 Rf8 48. Kd3 Bg7 49. Be7 Rf7 50. Bh4 Bh6 51. Be1 b5 52. Bc3 Kb6 53.
Be1 Rd7+ 54. Bd5 Bg7 55. g5 Bd4 56. Bd2 Rd8 57. Bf4 Re8 58. Bd2 Be5 59. Be3 Bg3
60. Bd2 Bh4 61. Be3 Bg3 62. Bd2 Bf2 63. Be4 Bd4 64. Bd5 Be5 65. Be3 Bd6 66. Bd2
Rf8 67. Ke4 Re8+ 68. Kd3 b4 69. Be4 Rf8 70. Bd5 Bf4 71. Be4 Bxd2 72. Kxd2 Kc7
73. Kd3 Kd6 74. Ke3 Ke5 75. Bc2 a5 76. Bd3 Rf4 77. Be4 Rh4 0-1

[Event "1. ODEM U25 2004"]
[Site "Willingen GER"]
[Date "2004.06.03"]
[Round "7"]
[White "Fink, Leander"]
[Black "Seiler, Dirk"]
[Result "0-1"]
[Termination "normal"]
[Board "7"]
[WhiteElo "1936"]
[BlackElo "1911"]
[PlyCount "86"]
[WhiteFideId "24605247"]
[BlackFideId "24603155"]
[EventCountry "GER"]
[EventRounds "9"]
[EventType "swiss"]
[EventDate "2004.05.29"]

1. e4 e6 2. d4 d5 3. e5 c5 4. c3 Qb6 5. a3 Nc6 6. Nf3 Bd7 7. b4 cxd4 8. cxd4 f6
9. Be3 Rc8 10. Bd3 Qc7 11. O-O fxe5 12. Nxe5 Nf6 13. Ng4 Bd6 14. Nxf6+ gxf6 15.
Qh5+ Ke7 16. b5 Na5 17. Nd2 Rcg8 18. f4 Rg7 19. f5 Rhg8 20. Rf2 Qc3 21. Re1
Qxd3 22. fxe6 Be8 23. Qxd5 Qxb5 24. Qxb5 Bxb5 25. g3 Nc4 26. Ne4 Rg6 27. Nc3
Nxe3 28. Rxe3 Bc4 29. Ne4 Rd8 30. Nd2 Bd5 31. Rf5 Rg5 32. Rxg5 fxg5 33. a4 Rf8
34. Ne4 Bxe4 35. Rxe4 Rf6 36. d5 Rf5 37. h4 Rxd5 38. hxg5 Rxg5 39. Rh4 Rxg3+
40. Kf2 Kxe6 41. Rh6+ Kd5 42. Rxh7 Kc6 43. Rh4 Rb3 0-1

[Event "1. ODEM U25 2004"]
[Site "Willingen GER"]
[Date "2004.06.03"]
[Round "7"]
[White "Kühner, Christian"]
[Black "Poysti, Nathanael"]
[Result "1/2-1/2"]
[Termination "normal"]
[Board "8"]
[WhiteElo "2169"]
[BlackElo "1910"]
[PlyCount "78"]
[WhiteFideId "4679440"]
[EventCountry "GER"]
[EventRounds "9"]
[EventType "swiss"]
[EventDate "2004.05.29"]

1. c4 Nc6 2. Nc3 Nf6 3. g3 e5 4. Bg2 Bb4 5. e4 a5 6. Nge2 d6 7. O-O h5 8. d3 h4
9. Bg5 hxg3 10. hxg3 Be6 11. Nd5 Bc5 12. a3 Nd4 13. Nxd4 Bxd4 14. Qd2 c6 15.
Nxf6+ gxf6 16. Be3 Qb6 17. Bxd4 Qxd4 18. Qc3 Qb6 19. b4 axb4 20. axb4 Ke7 21.
c5 dxc5 22. bxc5 Qb3 23. Qxb3 Bxb3 24. Rab1 Ra3 25. Bf3 Rb8 26. Bd1 Be6 27. Be2
Rc3 28. Rfc1 Rxc1+ 29. Rxc1 b5 30. cxb6 Rxb6 31. Kg2 Kd6 32. Kf3 f5 33. Rc3
fxe4+ 34. dxe4 Rb3 35. Rxb3 Bxb3 36. Ke3 Kc5 37. f4 exf4+ 38. gxf4 f6 39. Bg4
Bf7 1/2-1/2

[Event "1. ODEM U25 2004"]
[Site "Willingen GER"]
[Date "2004.06.03"]
[Round "7"]
[White "Heigermoser, Robert"]
[Black "Rackisch, Daniel"]
[Result "1-0"]
[Termination "normal"]
[Board "9"]
[WhiteElo "1770"]
[BlackElo "1859"]
[PlyCount "47"]
[WhiteFideId "24619132"]
[BlackFideId "24609323"]
[EventCountry "GER"]
[EventRounds "9"]
[EventType "swiss"]
[EventDate "2004.05.29"]

1. e4 e6 2. d3 d5 3. Nd2 Nf6 4. Ngf3 Bc5 5. e5 Nfd7 6. d4 Be7 7. Bd3 c5 8. c3
Nc6 9. O-O Qb6 10. dxc5 Bxc5 11. Qe2 f6 12. exf6 Nxf6 13. Ng5 e5 14. Nxh7 e4
15. Nxf6+ gxf6 16. Bxe4 dxe4 17. Nxe4 Ne7 18. Bf4 f5 19. Nxc5 Qxc5 20. Rad1 Qc6
21. Rfe1 Qe4 22. Qb5+ Qc6 23. Qe5 Rh7 24. Bg5 1-0

[Event "1. ODEM U25 2004"]
[Site "Willingen GER"]
[Date "2004.06.03"]
[Round "7"]
[White "Völschow, Toni"]
[Black "Kiener, Georg"]
[Result "0-1"]
[Termination "normal"]
[Board "10"]
[WhiteElo "1571"]
[BlackElo "2008"]
[PlyCount "98"]
[WhiteFideId "24622591"]
[EventCountry "GER"]
[EventRounds "9"]
[EventType "swiss"]
[EventDate "2004.05.29"]

1. e4 c5 2. Nc3 Nc6 3. g3 g6 4. Bg2 Bg7 5. d3 d6 6. f4 e6 7. Nf3 Nge7 8. Be3
O-O 9. O-O b6 10. Qd2 Bb7 11. Rab1 f5 12. Ne2 Qd7 13. Rfd1 Rac8 14. Bf2 Rfd8
15. Nh4 d5 16. e5 d4 17. Kh1 Nb4 18. a3 Bxg2+ 19. Nxg2 Nbd5 20. Ng1 Bf8 21. Qe2
Qb7 22. Nf3 Qc6 23. Rg1 Bh6 24. Rgd1 Qb7 25. Re1 Nc6 26. h4 b5 27. Nd2 Rd7 28.
Qf3 Bf8 29. Rg1 h5 30. Ne1 Be7 31. Qe2 Bd8 32. Nef3 Nce7 33. Kh2 Kg7 34. Ng5
Rc6 35. Ndf3 Ng8 36. Kh3 Nh6 37. Nd2 Ng4 38. Nb3 Bb6 39. Be1 Qc7 40. Nd2 Re7
41. Ndf3 Qc8 42. Rc1 c4 43. Bb4 Nxb4 44. axb4 cxd3 45. Qd2 Rxc2 46. Rxc2 dxc2
47. Rc1 d3 48. Qg2 Nf2+ 49. Kh2 Be3 0-1

[Event "1. ODEM U25 2004"]
[Site "Willingen GER"]
[Date "2004.06.03"]
[Round "7"]
[White "Dahmen, Christoph"]
[Black "Swalve, Tilko"]
[Result "1-0"]
[Termination "normal"]
[Board "11"]
[WhiteElo "2023"]
[BlackElo "1282"]
[PlyCount "39"]
[WhiteFideId "4692160"]
[EventCountry "GER"]
[EventRounds "9"]
[EventType "swiss"]
[EventDate "2004.05.29"]

1. d4 Nf6 2. c4 e5 3. dxe5 Ng4 4. e3 d6 5. exd6 Bxd6 6. Nf3 Be6 7. Nc3 Qf6 8.
a3 Bxh2 9. Ne4 Qh6 10. Nxh2 Nxh2 11. Ng3 Nd7 12. Be2 Nf6 13. Qc2 O-O-O 14. Bd2
Rhe8 15. O-O-O g6 16. Bf3 Qh4 17. Rxh2 Qxh2 18. Rh1 Qxh1+ 19. Nxh1 Bf5 20. Qa4
1-0

[Event "1. ODEM U25 2004"]
[Site "Willingen GER"]
[Date "2004.06.03"]
[Round "7"]
[White "Billing, Christian"]
[Black "Trippe, Fabian"]
[Result "1-0"]
[Termination "normal"]
[Board "12"]
[WhiteElo "1915"]
[BlackElo "1637"]
[PlyCount "47"]
[WhiteFideId "4697294"]
[EventCountry "GER"]
[EventRounds "9"]
[EventType "swiss"]
[EventDate "2004.05.29"]

1. e4 b6 2. d4 Bb7 3. Nc3 e6 4. Bd3 Nf6 5. Bd2 Be7 6. f4 d6 7. Nf3 c5 8. Bb5+
Nbd7 9. dxc5 dxc5 10. Qe2 O-O 11. O-O-O Qc7 12. e5 Ne8 13. Bd3 a6 14. f5 b5 15.
f6 gxf6 16. Bh6 f5 17. Bxf8 Bxf8 18. Qe3 c4 19. Be2 b4 20. Nb1 Nb6 21. Rd4 Bc5
22. Qg5+ Kh8 23. Rh4 Be7 24. Qh6 1-0

[Event "1. ODEM U25 2004"]
[Site "Willingen GER"]
[Date "2004.06.03"]
[Round "7"]
[White "Zayadeh, Raphael"]
[Black "Katte, Nicolas"]
[Result "1/2-1/2"]
[Termination "normal"]
[Board "14"]
[WhiteElo "1906"]
[BlackElo "1729"]
[PlyCount "97"]
[BlackFideId "24614149"]
[EventCountry "GER"]
[EventRounds "9"]
[EventType "swiss"]
[EventDate "2004.05.29"]

1. d4 Nf6 2. Nf3 g6 3. c4 Bg7 4. Nc3 d5 5. cxd5 Nxd5 6. e4 Nxc3 7. bxc3 c5 8.
Rb1 Nc6 9. d5 Ne5 10. Nxe5 Bxe5 11. Qd2 Qa5 12. Bb5+ Kd8 13. Rb3 Rb8 14. f4 Bg7
15. O-O Kc7 16. Ba3 Bd7 17. Qe3 b6 18. Be2 Ba4 19. Bb4 Bd4 20. cxd4 cxb4 21.
Rb2 Bd7 22. Qb3 Rhc8 23. Qxb4 Qxb4 24. Rxb4 Kd8 25. Rc4 Rxc4 26. Bxc4 Rc8 27.
Bb3 a5 28. Rb1 a4 29. Bd1 Rc4 30. Kf2 b5 31. Ke3 b4 32. Rb2 Bb5 33. Be2 Rc3+
34. Kd2 Bxe2 35. Kxe2 Rc4 36. Kd3 Rc3+ 37. Kd2 37... Rc4 $11 38. Rc2 Rxd4+ 39.
Ke3 Rd1 40. Rb2 Re1+ 41. Kd4 Ra1 42. e5 Kc7 43. g3 a3 44. Rxb4 Rxa2 45. Ra4 Ra1
46. Kc3 Kb6 47. d6 exd6 48. exd6 Rd1 49. Rxa3 1/2-1/2

[Event "1. ODEM U25 2004"]
[Site "Willingen GER"]
[Date "2004.06.03"]
[Round "7"]
[White "Strohmann, Marcel"]
[Black "Alic, Miran"]
[Result "0-1"]
[Termination "normal"]
[Board "15"]
[WhiteElo "821"]
[BlackElo "2052"]
[PlyCount "56"]
[BlackFideId "24605425"]
[EventCountry "GER"]
[EventRounds "9"]
[EventType "swiss"]
[EventDate "2004.05.29"]

1. f4 e5 2. fxe5 d6 3. Nf3 dxe5 4. e4 Nc6 5. Bb5 Bd7 6. Nc3 Bc5 7. b3 Nf6 8.
Bb2 Ng4 9. Rf1 Nxh2 10. Rh1 Ng4 11. Rf1 O-O 12. Qe2 Nd4 13. Nxd4 exd4 14. Bxd7
dxc3 15. Qxg4 cxb2 16. Rb1 Ba3 17. Qh3 Qe7 18. d3 Qg5 19. Ke2 Bb4 20. Rxb2 Qd2+
21. Kf3 Bc5 22. Kg3 Bd6+ 23. Kf3 Be5 24. Rh1 h6 25. Rbb1 Qxc2 26. a3 Qxd3+ 27.
Kf2 Bd4+ 28. Ke1 Qxb1+ 0-1

[Event "1. ODEM U25 2004"]
[Site "Willingen GER"]
[Date "2004.06.03"]
[Round "7"]
[White "Rafiee, Makan"]
[Black "Reinke, Martin"]
[Result "1-0"]
[Termination "normal"]
[Board "16"]
[WhiteElo "2028"]
[BlackElo "1498"]
[PlyCount "89"]
[WhiteFideId "24609340"]
[BlackFideId "4620518"]
[EventCountry "GER"]
[EventRounds "9"]
[EventType "swiss"]
[EventDate "2004.05.29"]

1. e4 c5 2. Nf3 d6 3. d4 cxd4 4. Nxd4 Nc6 5. Bc4 Nf6 6. Nxc6 bxc6 7. Nc3 Qb6 8.
Bb3 Ba6 9. Be3 Qb7 10. Qf3 g6 11. g4 Bc4 12. Bxc4 Qxb2 13. Kd2 Bg7 14. Rab1 Qa3
15. Rb3 Qa5 16. e5 Ne4+ 17. Qxe4 d5 18. Qf3 O-O 19. Bd3 Bxe5 20. Bh6 Bxc3+ 21.
Rxc3 d4 22. Bxf8 Qxc3+ 23. Ke2 Rxf8 24. Rb1 c5 25. Qd5 e6 26. Qc4 Qa3 27. Rb5
Rc8 28. Qb3 Qxb3 29. axb3 Rc7 30. Be4 f5 31. gxf5 gxf5 32. Rb8+ Kf7 33. Rb7
Rxb7 34. Bxb7 e5 35. f3 Ke6 36. Kd3 Kf6 37. Kc4 Kg5 38. Kxc5 Kf4 39. Kc4 Ke3
40. Bc8 Kf4 41. Kd5 h5 42. Be6 h4 43. b4 h3 44. b5 Kxf3 45. Kxe5 1-0

[Event "1. ODEM U25 2004"]
[Site "Willingen GER"]
[Date "2004.06.03"]
[Round "7"]
[White "Falke, Isaak"]
[Black "Völz, Michael"]
[Result "1/2-1/2"]
[Termination "normal"]
[Board "17"]
[WhiteElo "1721"]
[BlackElo "1387"]
[PlyCount "79"]
[WhiteFideId "24614483"]
[BlackFideId "24640107"]
[EventCountry "GER"]
[EventRounds "9"]
[EventType "swiss"]
[EventDate "2004.05.29"]

1. d4 d5 2. c4 e6 3. Nc3 Nf6 4. Bg5 Nbd7 5. Nf3 c6 6. e3 Qa5 7. a3 Ne4 8. Rc1
Nxg5 9. Nxg5 dxc4 10. Nge4 b5 11. Be2 Be7 12. O-O O-O 13. f4 Nf6 14. Rf3 Nxe4
15. Nxe4 Bb7 16. Rh3 Rad8 17. Qc2 f5 18. Ng5 Bxg5 19. fxg5 c5 20. Qc3 Qxc3 21.
bxc3 cxd4 22. exd4 Bd5 23. a4 a6 24. axb5 axb5 25. Re3 Ra8 26. Bf3 Bxf3 27.
gxf3 Kf7 28. Re5 Rfb8 29. Rc5 Rb7 30. Rb1 Rab8 31. Rb4 Ke7 32. Kg2 Kd6 33. Kg3
Ke7 34. Kf4 Kd6 35. h3 Rb6 36. h4 g6 37. Re5 Kd7 38. Rc5 Kd6 39. Re5 Kd7 40.
Rc5 1/2-1/2

[Event "1. ODEM U25 2004"]
[Site "Willingen GER"]
[Date "2004.06.03"]
[Round "7"]
[White "Jannes, Alexander"]
[Black "Zikeli, Julia"]
[Result "1/2-1/2"]
[Termination "normal"]
[Board "19"]
[WhiteElo "1567"]
[BlackElo "1534"]
[PlyCount "62"]
[WhiteFideId "4647955"]
[BlackFideId "24622753"]
[EventCountry "GER"]
[EventRounds "9"]
[EventType "swiss"]
[EventDate "2004.05.29"]

1. d4 Nf6 2. c4 g6 3. Nc3 d5 4. cxd5 Nxd5 5. e4 Nxc3 6. bxc3 Bg7 7. Bf4 c5 8.
e5 Nc6 9. Bb5 Bd7 10. Nf3 cxd4 11. Bxc6 Bxc6 12. Qxd4 Qxd4 13. cxd4 Rd8 14. Rd1
O-O 15. Ke2 Rd7 16. Rd2 Rfd8 17. Rhd1 Bd5 18. Be3 f6 19. a3 Bxf3+ 20. gxf3 fxe5
21. d5 b6 22. Bg5 h6 23. Bh4 g5 24. Bg3 Kf7 25. Ke3 Rd6 26. Ke4 e6 27. Bxe5
exd5+ 28. Rxd5 Rxd5 29. Rxd5 Rxd5 30. Kxd5 Bxe5 31. Kxe5 Ke7 1/2-1/2

[Event "1. ODEM U25 2004"]
[Site "Willingen GER"]
[Date "2004.06.03"]
[Round "7"]
[White "Demmler, Julia"]
[Black "Dietzen, Thomas"]
[Result "1-0"]
[Termination "normal"]
[Board "20"]
[WhiteElo "1296"]
[BlackElo "1187"]
[PlyCount "49"]
[EventCountry "GER"]
[EventRounds "9"]
[EventType "swiss"]
[EventDate "2004.05.29"]

1. e4 e6 2. d4 d5 3. Nd2 b6 4. c3 Ba6 5. Bxa6 Nxa6 6. Qa4+ c6 7. Qxa6 Qg5 8.
Qf1 Nf6 9. e5 Ng4 10. Ndf3 Qf5 11. Qe2 c5 12. h3 Nh6 13. Nh4 Qe4 14. Qxe4 dxe4
15. Bxh6 gxh6 16. g3 O-O-O 17. Ne2 cxd4 18. Nxd4 Bc5 19. Rd1 Rd7 20. O-O Rhd8
21. Ng2 f6 22. Rc1 Rg8 23. Nxe6 Re8 24. Nxc5 bxc5 25. exf6 1-0

[Event "1. ODEM U25 2004"]
[Site "Willingen GER"]
[Date "2004.06.03"]
[Round "7"]
[White "Wild, Markus"]
[Black "Häcker, Katrin"]
[Result "1-0"]
[Termination "normal"]
[Board "21"]
[WhiteElo "1559"]
[BlackElo "1140"]
[PlyCount "73"]
[BlackFideId "24667986"]
[EventCountry "GER"]
[EventRounds "9"]
[EventType "swiss"]
[EventDate "2004.05.29"]

1. c4 e5 2. Nc3 Nf6 3. Nf3 Nc6 4. g3 Bc5 5. Bg2 O-O 6. O-O d6 7. d3 Bg4 8. Bd2
Qd7 9. Re1 Rfe8 10. Na4 Bb4 11. Bxb4 Nxb4 12. a3 Nc6 13. Nc3 Rad8 14. b4 a6 15.
Rb1 e4 16. dxe4 Nxe4 17. Nxe4 Rxe4 18. Qd5 Bxf3 19. Bxf3 Rd4 20. Qg5 Rxc4 21.
b5 axb5 22. Qxb5 Ne5 23. Qxb7 Nxf3+ 24. Qxf3 Qg4 25. Qxg4 Rxg4 26. Rbc1 c5 27.
Red1 Rg5 28. f4 Rh5 29. Rc4 Kf8 30. a4 Ke7 31. e3 g5 32. g4 Rh3 33. Re4+ Kf6
34. fxg5+ Kxg5 35. Rd5+ Kf6 36. Kg2 Rh6 37. g5+ 1-0

[Event "1. ODEM U25 2004"]
[Site "Willingen GER"]
[Date "2004.06.03"]
[Round "7"]
[White "Jehle, Daniel"]
[Black "Frey, Steffen"]
[Result "1-0"]
[Termination "normal"]
[Board "22"]
[WhiteElo "1526"]
[BlackElo "971"]
[PlyCount "68"]
[EventCountry "GER"]
[EventRounds "9"]
[EventType "swiss"]
[EventDate "2004.05.29"]

1. d4 d5 2. c4 e6 3. Nc3 Nf6 4. Bg5 Nbd7 5. Nf3 c6 6. a3 Be7 7. e3 O-O 8. Bd3
Re8 9. Bf4 Nh5 10. Bxh7+ Kxh7 11. Ng5+ Bxg5 12. Qxh5+ Kg8 13. Bxg5 f6 14. Bh4
Nf8 15. cxd5 cxd5 16. O-O Bd7 17. Ne2 Rc8 18. Nf4 Re7 19. Ng6 Nxg6 20. Qxg6 Qf8
21. f3 Rf7 22. Rac1 Rxc1 23. Rxc1 a6 24. Rc7 b6 25. e4 dxe4 26. fxe4 b5 27. Ra7
f5 28. e5 a5 29. Rxa5 Bc6 30. Qxe6 Bd7 31. Qd6 Kh8 32. e6 Bxe6 33. Qxe6 f4 34.
Qe4 Kg8 1-0

[Event "1. ODEM U25 2004"]
[Site "Willingen GER"]
[Date "2004.06.03"]
[Round "7"]
[White "Lebeda, Lukas"]
[Black "Dauer, Carolin"]
[Result "0-1"]
[Termination "normal"]
[Board "23"]
[WhiteElo "1135"]
[BlackElo "1399"]
[PlyCount "58"]
[BlackFideId "24666050"]
[EventCountry "GER"]
[EventRounds "9"]
[EventType "swiss"]
[EventDate "2004.05.29"]

1. d4 d5 2. c4 c6 3. e3 e6 4. Nc3 Nf6 5. Nf3 Nbd7 6. cxd5 exd5 7. g3 Bd6 8. Bg2
O-O 9. O-O Nb6 10. b3 Bg4 11. Bb2 Ne4 12. Qc2 Ng5 13. Nxg5 Qxg5 14. e4 Rfe8 15.
e5 Bc7 16. Bc1 Qh5 17. h4 Bd8 18. Bf4 f6 19. Rfe1 g5 20. hxg5 fxg5 21. Bc1 Re6
22. f3 Bxf3 23. Bb2 Rh6 24. Kf2 Bxg2 25. Kxg2 Qh2+ 26. Kf3 Qxc2 27. Rab1 Qf5+
28. Ke2 Rh2+ 29. Kd1 Qc2# 0-1

[Event "1. ODEM U25 2004"]
[Site "Willingen GER"]
[Date "2004.06.03"]
[Round "7"]
[White "Schäfer, Simon"]
[Black "Finkbeiner, Alina"]
[Result "1-0"]
[Termination "normal"]
[Board "24"]
[WhiteElo "1255"]
[BlackElo "904"]
[PlyCount "45"]
[EventCountry "GER"]
[EventRounds "9"]
[EventType "swiss"]
[EventDate "2004.05.29"]

1. d4 d5 2. c4 Nf6 3. Nc3 g6 4. Bg5 Bg7 5. Bxf6 Bxf6 6. Nxd5 Nc6 7. Nxf6+ exf6
8. e3 Bf5 9. Bd3 Qd7 10. Bxf5 Qxf5 11. Nf3 O-O-O 12. O-O Nb4 13. Qa4 Nd3 14.
Qxa7 Nxb2 15. Qa8+ Kd7 16. Qxb7 Nxc4 17. Qb3 Nd6 18. Rfc1 Rc8 19. Qc2 Qa5 20.
Nd2 Nb5 21. Nb3 Na3 22. Qc6+ Kd8 23. Nxa5 1-0

[Event "1. ODEM U25 2004"]
[Site "Willingen GER"]
[Date "2004.06.04"]
[Round "8"]
[White "Lantzsch, Christian"]
[Black "Seifert, Volker"]
[Result "1/2-1/2"]
[Termination "normal"]
[Board "1"]
[BlackTitle "FM"]
[WhiteElo "2095"]
[BlackElo "2302"]
[PlyCount "46"]
[WhiteFideId "4659821"]
[BlackFideId "4658060"]
[EventCountry "GER"]
[EventRounds "9"]
[EventType "swiss"]
[EventDate "2004.05.29"]

1. c4 c5 2. Nc3 Nc6 3. g3 g6 4. Bg2 Bg7 5. e3 Nh6 6. Nge2 Nf5 7. O-O O-O 8. Rb1
Rb8 9. a3 Nd6 10. b3 b5 11. cxb5 Nxb5 12. Nxb5 Rxb5 13. a4 Rb6 14. Ba3 d6 15.
d4 cxd4 16. Nxd4 Nxd4 17. exd4 Bf5 18. Rc1 a5 19. Re1 Qd7 20. Bd5 Be6 21. Bc4
Bxc4 22. bxc4 Rfb8 23. c5 dxc5 1/2-1/2

[Event "1. ODEM U25 2004"]
[Site "Willingen GER"]
[Date "2004.06.04"]
[Round "8"]
[White "Kuhn, Ulf"]
[Black "Schafranietz, Sebastian"]
[Result "0-1"]
[Termination "normal"]
[Board "2"]
[WhiteElo "2013"]
[BlackElo "2236"]
[PlyCount "80"]
[WhiteFideId "4693604"]
[BlackFideId "4632516"]
[EventCountry "GER"]
[EventRounds "9"]
[EventType "swiss"]
[EventDate "2004.05.29"]

1. f4 d5 2. Nf3 g6 3. g3 Bg7 4. Bg2 c5 5. O-O Nf6 6. d3 Nc6 7. Nc3 d4 8. Ne4
Nxe4 9. dxe4 Qb6 10. Kf2 O-O 11. h3 Rd8 12. a3 c4 13. g4 Qa5 14. e5 f6 15. exf6
exf6 16. Nd2 Be6 17. f5 Bd5 18. Ne4 Re8 19. Ng3 Bxg2 20. Kxg2 g5 21. Bxg5 fxg5
22. f6 Bxf6 23. Rxf6 Rf8 24. Qf1 Qd5+ 25. Qf3 Qxf3+ 26. Rxf3 Rxf3 27. exf3 Rd8
28. Rd1 Ne5 29. Ne4 h6 30. Nc5 Rd5 31. b4 b6 32. Ne4 Kf7 33. Kg3 d3 34. cxd3
cxd3 35. f4 gxf4+ 36. Kxf4 Nc4 37. Nf2 d2 38. Ne4 Rd4 39. Kf3 Rd3+ 40. Kg2 Ne3+
0-1

[Event "1. ODEM U25 2004"]
[Site "Willingen GER"]
[Date "2004.06.04"]
[Round "8"]
[White "Seiler, Dirk"]
[Black "Hirneise, Tobias"]
[Result "1/2-1/2"]
[Termination "normal"]
[Board "4"]
[WhiteElo "1911"]
[BlackElo "1960"]
[PlyCount "91"]
[WhiteFideId "24603155"]
[BlackFideId "24600881"]
[EventCountry "GER"]
[EventRounds "9"]
[EventType "swiss"]
[EventDate "2004.05.29"]

1. d4 Nf6 2. c4 g6 3. Nc3 Bg7 4. e4 d6 5. f3 O-O 6. Be3 e5 7. d5 c6 8. Bd3 cxd5
9. cxd5 a6 10. Nge2 b5 11. O-O Nbd7 12. b4 Nh5 13. Qc2 Nb6 14. a4 Nc4 15. Bxc4
bxc4 16. Qa2 f5 17. a5 f4 18. Bb6 Qe7 19. Qxc4 g5 20. b5 g4 21. fxg4 Bxg4 22.
Qd3 f3 23. gxf3 Bh3 24. Rf2 Qh4 25. Kh1 Rab8 26. Qe3 Bh6 27. Rg1+ Kh8 28. f4
Nxf4 29. Qg3 Bg2+ 30. Rfxg2 Nxg2 31. Rxg2 Rf1+ 32. Rg1 Qf6 33. Rxf1 Qxf1+ 34.
Qg1 Qf3+ 35. Qg2 Qd3 36. bxa6 Rg8 37. Qf2 Qxa6 38. Qf6+ Bg7 39. Qf3 Rf8 40. Qe3
Qc4 41. Kg2 Rf6 42. Qd2 Rg6+ 43. Kf1 Rf6+ 44. Kg2 Rg6+ 45. Kf1 Rf6+ 46. Kg2
1/2-1/2